00493nam a2200193 a 4500001001300000003000900013005001700022008004100039020002300080082001400103100001400117245002800131260002600159300000900185500003500194505003300229650002300262700001400285nice12345678IN_TiNIC20260116015006.0050524s1981 usaa grp 000 0 eng  a0849993 c10000a230bSIN6 aSine, Tom aMustard Seed Conspiracy aUSAbWord Book c1981 a246p aincludes index and biblioraphy2 aSelected Bibliography, Notes aChristian-Theology1 aSine, Tom